Introduction to wildlife management : The basics

Đã lưu trong:
書目詳細資料
主要作者: Krausman, Paul R.
格式: 圖書
語言:Undetermined
出版: New Jersey Prentice-Hall 2001
主題:
標簽: 添加標簽
沒有標簽, 成為第一個標記此記錄!
Thư viện lưu trữ: Trung tâm Học liệu Trường Đại học Cần Thơ
LEADER 00539nam a2200205Ia 4500
001 CTU_96961
008 210402s9999 xx 000 0 und d
020 |c 484000 
082 |a 333.954 
082 |b K91 
100 |a Krausman, Paul R. 
245 0 |a Introduction to wildlife management : 
245 4 |b The basics 
245 0 |c Paul R. Krausman 
260 |a New Jersey 
260 |b Prentice-Hall 
260 |c 2001 
650 |a Wildlife management 
904 |i Vương 
980 |a Trung tâm Học liệu Trường Đại học Cần Thơ